| 000 | 00853nam a2200205 a 4500 | ||
|---|---|---|---|
| 003 | 0 | ||
| 005 | 20250516152344.0 | ||
| 008 | 021129s19uu xx 00 eng d | ||
| 050 |
_aPGS LC 215 _b.Sh559 2001 |
||
| 100 | _aShort, Nicole M. | ||
| 245 |
_aThe effects of having parents working abroad on the academic performance of selected grade school students in Southville International School / _cNicole M. Short. |
||
| 260 |
_aLas PiƱas City, Philippines : _bSouthville International School and Colleges, _c2001. |
||
| 300 |
_a25 pages : _bcolored illustrations ; _c28 cm. |
||
| 504 | _aIncludes bibliographical references. | ||
| 650 |
_aChildren of overseas Filipino workers _vEducation. |
||
| 650 | _aAcademic achievement. | ||
| 650 |
_aElementary school students _vSocial conditions. |
||
| 650 |
_aFamilies _vSocial aspects. |
||
| 942 |
_2lcc _cPASS |
||
| 999 |
_c96514 _d96514 |
||